[Event "Marshall Chess Club IM 2020"]
[Site "New York"]
[Date "2020.02.27"]
[Round "1"]
[White "Sarkar, Justin"]
[Black "Hallaeva, Bahar"]
[Result "1-0"]
[WhiteElo "2373"]
[BlackElo "2170"]
[Annotator "TA"]
[PlyCount "95"]
[EventDate "2020.02.27"]
[EventType "tourn"]
[EventCountry "USA"]
[SourceTitle "playchess.com"]
[Source "ChessBase"]
[SourceQuality "1"]

{[%evp 20,95,21,14,19,15,16,19,39,27,28,31,31,24,21,17,19,20,17,17,22,19,27,19,
31,29,42,0,0,0,0,0,0,0,334,327,654,636,548,466,460,452,557,556,551,544,497,472,
739,628,758,754,846,658,802,684,864,735,740,730,720,729,918,849,7154,6287,
29989,1448,1341,1155,1309,1115,925,865,1450,1354,29987,29988]} 1. e4 e5 2. Nf3
Nc6 3. Bb5 Nf6 4. O-O Nxe4 5. Re1 Nd6 6. Nxe5 Nxe5 7. Rxe5+ Be7 8. Bf1 O-O 9.
d4 Bf6 10. Re1 Nf5 11. c3 d5 {C67: Ruy Lopez: Berlin Defence: 4 0-0 Nxe4.} 12.
Nd2 {[%cal Bb1d2,Bd2f3,Bf3e5][%mdl 32]} Nd6 13. Nf3 Bg4 {The position is equal.
} 14. h3 Bh5 {[#]} 15. Bf4 $146 ({Predecessor:} 15. Bd3 Re8 16. Rxe8+ Qxe8 17.
Bf4 Qe6 18. g4 Bg6 19. Bxg6 hxg6 20. Bxd6 Qxd6 21. Qd2 Re8 22. Re1 Re4 23. Kg2
c6 24. Qd3 Qe6 25. Re3 {1/2-1/2 (25) Stecyk,J (2000)-Walther,H (2164) Arosa
2006}) 15... Qd7 16. g4 Bg6 17. Ne5 Qd8 $1 18. Qb3 c6 $1 19. Nxg6 {[%mdl 64] 
[#] Overworked Piece} fxg6 20. Re6 Be7 21. Bg3 $36 {[%mdl 2048] White wants to
play Rae1. White has some pressure.} Qd7 22. Rae1 Rf7 $1 23. Bxd6 Bxd6 24. c4
Raf8 25. cxd5 c5 26. Qb5 {aiming for Qxd7.} Qd8 $2 {[%mdl 8192] White leaves
nothing to chance now.} (26... Qc7 $11 27. dxc5 Bxc5) 27. dxc5 $18 Bh2+ $2 (
27... Be7 28. d6 Bh4) 28. Kxh2 Rxf2+ 29. Bg2 Qxd5 {[%csl Gf2][%cal Rd5g2]} 30.
R6e4 Kh8 31. R1e2 h6 32. Rxf2 Rxf2 33. Qc4 Qd8 {[#]} (33... Qxc4 $142 34. Rxc4
Rxb2) 34. Qd4 $1 Qf8 {Threatens to win with ...Qf3.} 35. Kg3 Rc2 36. b4 Qf7 37.
Rf4 Qe7 38. Rf2 Qe1 39. a3 Ra2 40. Bf1 Rxa3+ 41. Kg2 {Black must now prevent
Rf8+.} Qe7 42. Bc4 {White wants to mate with Rf7.} Re3 43. Rf8+ (43. Rf7 $142
Re2+ 44. Kf3 Qe4+ 45. Qxe4 Rxe4 46. Kxe4 Kh7 47. Rxb7 h5 48. g5) 43... Kh7 44.
Bg8+ Kh8 45. Be6+ Qxf8 46. Qxe3 Qf6 47. Bd5 {White threatens Qe8+ and mate.}
Qb2+ 48. Qf2 {Accuracy: White = 87%, Black = 45%.} 1-0

[Event "Marshall Chess Club IM 2020"]
[Site "New York"]
[Date "2020.02.27"]
[Round "1"]
[White "Lund, Silas"]
[Black "Noboa Silva, Kevin"]
[Result "0-1"]
[WhiteElo "2340"]
[BlackElo "2329"]
[Annotator "TA"]
[PlyCount "110"]
[EventDate "2020.02.27"]
[EventType "tourn"]
[EventCountry "USA"]
[SourceTitle "playchess.com"]
[Source "ChessBase"]
[SourceQuality "1"]

{[%evp 21,110,8,16,0,24,0,16,8,49,41,60,62,58,58,63,64,75,63,64,20,115,104,113,
101,111,50,54,54,22,29,45,32,134,93,110,75,185,196,205,204,200,186,177,183,265,
118,115,120,140,81,247,8,109,-453,-15,-78,-28,-747,-84,-88,0,0,0,-18,70,65,275,
2,5,-81,-93,-90,-86,-87,-81,-81,-79,-182,-70,-100,-102,-100,-100,-100,-85,-221,
-225,-513,-494,-489,-424]} 1. d4 e6 2. c4 Nf6 3. Nc3 Bb4 4. e3 O-O 5. Bd3 d5 6.
Nf3 c5 7. a3 Bxc3+ 8. bxc3 dxc4 9. Bxc4 Qc7 10. Ba2 Nc6 11. O-O b6 12. Bb2 {
is the legacy move (12.Re1). E59: Nimzo-Indian: Rubinstein: Main Line: 7...Nc6
8 a3 Bxc3 9 bxc3 dxc4.} Ba6 13. Re1 Rad8 14. e4 {The position is equal.} e5 {
[#]} 15. Qc2 $146 ({Predecessor:} 15. d5 Ne7 16. c4 Ng6 17. g3 Bc8 18. Nd2 h5
19. Bb1 h4 20. Nf1 Qd7 21. Bc1 {1-0 (65) Ibragimov,I (2579)-Akopian,V (2660)
Kazan 2001}) 15... c4 16. Qa4 Qc8 17. Rad1 ({Reject} 17. Nxe5 Nxe5 18. dxe5 Ng4
$17) ({Much worse is} 17. Bxc4 Bxc4 18. Qxc4 Nxd4 $15) (17. dxe5 b5 $11) 17...
b5 18. Qc2 Rfe8 19. Bc1 Nd7 20. Nh4 Nf8 (20... b4 $11) 21. d5 $16 Na5 22. Nf5
Nb7 23. Re3 (23. Be3 $16) 23... Nd6 $14 24. a4 Nxf5 25. exf5 Qc5 26. axb5 Bb7 (
{Black should try} 26... Bxb5 $14 27. Ree1 Rxd5) 27. Rg3 Rxd5 28. Re1 Rd6 (
28... Qxb5 $16 29. Rg4 Rc8) 29. Qa4 $1 $18 Qc8 30. Bxc4 Qxf5 31. Qxa7 Rd7 32.
Qe3 Ng6 (32... Ne6 $142 33. Be2 Red8) 33. b6 (33. Bf1 $18) 33... Red8 $16 34.
Be2 Qc2 35. c4 (35. h4 $142) 35... Rd4 $2 (35... Rd1 $16 {might work better.}
36. Bxd1 Rxd1) 36. f3 $2 ({White has to play} 36. Qc3 $1 $18 {[%cal Rc3c2]}
Qxc3 37. Rxc3) 36... Ba6 (36... f6 $11) 37. Bf1 $2 {[%mdl 8192]} (37. Rg4 $1
$16 {keeps the pressure on.}) 37... Bxc4 $2 (37... Rd1 $1 $19 {[%cal Rd1e1]
Strongly threatening ...Rxe1.} 38. Ba3 Rxe1 39. Qxe1 Rd1) 38. Bxc4 (38. Qf2 $1
$11 {keeps the balance.} Qxf2+ 39. Kxf2 Bxf1 40. Kxf1) 38... Rxc4 39. Qa3 $2 {
[%mdl 8192] [#]} (39. Rg4 $11) 39... Ra4 $2 (39... Rd1 $1 $19 {[%cal Rd1e1]
[%mdl 512] is more deadly.} 40. Qe3 Rxe1+ 41. Qxe1 Qxc1 42. Qxc1 Rxc1+ 43. Kf2
Nf4) 40. Qb2 $17 Qc5+ (40... Qxb2 $17 41. Bxb2 f6) 41. Be3 $11 Qa5 $40 {
[%cal Ra5e1][%mdl 128] Black mounts an attack.} 42. Rb1 {Threatens to win with
b7.} Ra2 (42... Ra3 $1 $11 43. Qc1 Rc3) 43. Qc1 $1 $14 Ra4 $2 (43... Nf4 $1 $14
44. Kh1 (44. Bxf4 exf4 45. b7 Qa7+ 46. Kh1 fxg3 $11) 44... g6) 44. b7 $2 (44.
h3 $18) 44... Rb4 $11 {[%cal Ba4b4,Bb4b7,Bb7d7][%mdl 32]} 45. Ra1 (45. h3 $11 {
remains equal.} Rxb1 46. Qxb1) 45... Qd5 $17 46. Ra8 {And now Rxd8+ would win.}
Rxb7 47. Rxd8+ Qxd8 48. Rg4 Rd7 49. Qc2 {[#]} (49. Kf2 $17) 49... Rc7 ({
Black should play} 49... Nf4 $1 $19 {[%mdl 512] ...h5 is the strong threat.}
50. h4 (50. Bxf4 Rd1+) 50... h5) 50. Qd2 Qxd2 51. Bxd2 Rc2 52. Be3 Re2 53. Bc5
{[#]} (53. Re4 $17) 53... Nf4 $1 $19 {[%cal Rf4d3] Hoping for ...Nd3.} 54. g3
$2 (54. Kf1 Ra2 55. Be3) 54... Re1+ 55. Kf2 Nd3+ {[%mdl 64] Double Attack.
What a fight! Accuracy: White = 39%, Black = 47%.} 0-1

[Event "Marshall Chess Club IM 2020"]
[Site "New York"]
[Date "2020.02.27"]
[Round "1"]
[White "Cezila Jr, Rubens"]
[Black "Prilleltensky, Matan"]
[Result "1-0"]
[WhiteElo "2299"]
[BlackElo "2097"]
[Annotator "TA"]
[PlyCount "91"]
[EventDate "2020.02.27"]
[EventType "tourn"]
[EventCountry "USA"]
[SourceTitle "playchess.com"]
[Source "ChessBase"]
[SourceQuality "1"]

{[%evp 10,91,0,0,0,0,20,6,23,18,18,-8,4,0,0,-2,0,-32,0,0,14,25,19,0,0,0,0,0,0,
0,27,13,59,52,70,45,55,19,19,19,15,8,54,52,57,37,41,5,69,36,76,14,76,76,76,65,
85,85,92,97,200,179,191,122,125,125,244,203,275,274,481,126,1111,1089,1648,
1562,29987,29988,29988,29989,29989,29990,29990,29991]} 1. Nf3 d5 2. g3 Nc6 3.
d4 Bf5 4. Bg2 Nf6 5. c3 e6 6. O-O Be7 {D02: 1 d4 d5 2 Nf3 sidelines, including
2...Nf6 3 g3 and 2...Nf6 3 Bf4.} 7. Nbd2 Ne4 8. Qb3 {[#]} a6 $146 {The
position is equal.} ({Predecessor:} 8... Na5 9. Qa4+ c6 10. Ne5 Nxd2 11. Bxd2
f6 12. c4 Nxc4 13. Nxc4 b5 14. Qa6 bxc4 {0-1 (36) Lupu,M (2458)-Kacheishvili,G
(2556) Trignac 2001}) 9. Nxe4 Bxe4 10. Bf4 Rb8 11. h4 h6 12. h5 O-O 13. Bh3
Bxf3 14. exf3 Bg5 {Threatens to win with ...Bxf4.} 15. Be5 $1 Bf6 16. Bxf6 Qxf6
17. f4 Na5 18. Qc2 Nc4 19. Rfe1 Rfe8 20. Bf1 b5 21. a4 Rec8 22. axb5 axb5 23.
b3 Nd6 24. b4 Ra8 25. Bd3 Re8 26. Qe2 Nc4 27. Bxc4 bxc4 28. Qc2 Rec8 (28... Qf5
$11 29. Qxf5 exf5) 29. Kg2 c6 30. Ra4 ({White should play} 30. Ra5 $16) 30...
Rxa4 (30... Qf5 $1 $11 31. Qxf5 exf5) 31. Qxa4 $11 {[%mdl 4096] Endgame KQR-KQR
} Qd8 32. Qa6 Rc7 33. Ra1 Rc8 34. Ra5 Qe8 (34... Qd7 $16) 35. Rc5 $1 $18 Ra8 {
[#]} 36. Qb7 ({Don't take} 36. Qxc6 $6 Qxc6 37. Rxc6 Ra3 $14) (36. Qb6 $1 $18)
36... Qc8 $16 37. Qe7 Qf8 (37... e5 $16 {is a better defense.}) 38. Qd7 Qc8 {
[#]} 39. Qd6 $1 ({Not} 39. Qxc6 Qxc6 40. Rxc6 Ra3 $14) 39... e5 $2 (39... Qf8
40. Qxc6 (40. Rxc6 Qxd6 41. Rxd6 Kf8 $11) 40... Qe8 41. Qxe8+ Rxe8) 40. Qxe5 $2
(40. Rxc6 $18 {and White stays clearly on top.} Qg4 41. Qxe5) 40... Ra3 $2 {
[%mdl 8192] A mistake that costs the game.} (40... Qd7 $16) 41. b5 $18 {
[%cal Bb4b5,Bb5c6][%mdl 32]} Rxc3 42. bxc6 Qg4 43. Qxd5 {White mates.} Rxg3+
44. fxg3 Qe2+ 45. Kh3 Qf1+ 46. Qg2 {Accuracy: White = 70%, Black = 46%.} 1-0

[Event "Marshall Chess Club IM 2020"]
[Site "New York"]
[Date "2020.02.27"]
[Round "1"]
[White "Bonin, Jay"]
[Black "Nestorovic, Nikola"]
[Result "1/2-1/2"]
[WhiteElo "2258"]
[BlackElo "2469"]
[Annotator "TA"]
[PlyCount "85"]
[EventDate "2020.02.27"]
[EventType "tourn"]
[EventCountry "USA"]
[SourceTitle "playchess.com"]
[Source "ChessBase"]
[SourceQuality "1"]

{[%evp 9,85,30,31,33,68,66,64,67,56,24,26,36,30,51,34,30,27,8,22,7,7,2,8,0,8,0,
0,0,0,0,9,10,10,0,0,0,0,0,0,0,0,0,0,-16,-7,-12,0,0,0,0,0,0,0,0,0,0,0,0,0,0,0,0,
0,0,0,0,0,0,0,0,0,0,0,0,0,0,0,0]} 1. d4 Nf6 2. Nf3 e6 3. c4 a6 4. Bg5 d5 5. e3
dxc4 6. Bxc4 {E10: Blumenfeld Gambit.} b5 7. Be2 c5 8. O-O {[#] White is
slightly better.} Bb7 $146 ({Predecessor:} 8... Nbd7 9. Nbd2 Bb7 10. Rc1 Rc8
11. a4 c4 12. axb5 axb5 13. Ne5 h6 14. Bh4 Qb6 15. Bxf6 gxf6 16. Nxd7 Kxd7 17.
d5 Bd6 18. Bf3 Kc7 19. dxe6 {1/2-1/2 (19) Gsteu,P-Hillgarter,C (1900)
Vorarlberg 1996}) 9. dxc5 {Black must now prevent Qxd8+.} (9. a4 {is
interesting.} b4 10. Nbd2 Nbd7 11. Rc1 h6 12. Bxf6 gxf6 13. Nb3) 9... Qxd1 10.
Rxd1 Bxc5 11. a4 bxa4 12. Bxf6 (12. Nc3 {looks sharper.} a3 13. bxa3 Nbd7 14.
Rab1 Ra7 15. a4) 12... gxf6 13. Rxa4 Nd7 {[%cal Bb8d7,Bd7b6,Bb6c4][%mdl 32]
The position is equal.} 14. Nbd2 Nb6 15. Raa1 Bb4 16. Nd4 O-O 17. Bf3 Bxf3 18.
N2xf3 Rfc8 19. Rdc1 Nc4 20. Rc2 Nxb2 21. Rxa6 Rxa6 22. Rxc8+ Kg7 {( -> ...Ra1+)
} 23. g4 Nd3 24. Rd8 Ne5 25. h3 Ra2 26. Nh4 {[#]} h5 $1 {[%mdl 512] Hoping for
...Be1.} 27. f4 (27. gxh5 Be1) 27... hxg4 28. fxe5 fxe5 29. Ndf5+ exf5 30.
Nxf5+ $11 {[%mdl 4096] Endgame KRB-KRN} Kf6 31. hxg4 Bc5 32. Kf1 Ra4 33. Rg8
Ra2 34. Rc8 Bb4 35. Re8 Rc2 36. Ng3 Rc4 37. g5+ {[%mdl 64] Decoy} Kxg5 38.
Rxe5+ Kg4 39. Re4+ Rxe4 40. Nxe4 f5 41. Nf2+ Kf3 {[#]} 42. e4 $1 {[%mdl 512]}
fxe4 {[#]} 43. Nxe4 $1 {[%mdl 512] Accuracy: White = 97%, Black = 97%.} 1/2-1/2

[Event "Marshall Chess Club IM 2020"]
[Site "New York"]
[Date "2020.02.27"]
[Round "1"]
[White "Fikiet, Alex"]
[Black "Yudasin, Leonid"]
[Result "1/2-1/2"]
[WhiteElo "2217"]
[BlackElo "2481"]
[Annotator "TA"]
[PlyCount "58"]
[EventDate "2020.02.27"]
[EventType "tourn"]
[EventCountry "USA"]
[SourceTitle "playchess.com"]
[Source "ChessBase"]
[SourceQuality "1"]

{[%evp 19,58,27,10,1,8,2,37,34,53,66,69,66,66,65,65,58,52,56,65,46,64,68,68,69,
64,64,67,46,69,44,58,23,24,30,31,31,40,22,22,0,41]} 1. d4 Nf6 2. c4 e6 3. Nf3
b6 4. g3 Bb7 5. Bg2 Be7 6. Nc3 O-O 7. O-O d5 8. cxd5 exd5 9. Bf4 Na6 {[%cal
Bb8a6,Ba6c7,Bc7b5,Bb5d6,Bd6f5][%mdl 32]} 10. Ne5 c5 11. e3 {E18: Queen's
Indian: Old Main Line (4 g3 Bb7 5 Bg2 Be7 6 0-0 0-0 7 Nc3).} Ne4 {White must
now prevent ...Nxc3.} 12. h4 {[#]} cxd4 $146 ({Predecessor:} 12... f6 13. Nf3
Kh8 14. Rc1 Qd7 15. dxc5 Nxc3 16. Rxc3 bxc5 17. Qb1 Bd6 18. Bxd6 Qxd6 {1-0 (48)
Pashakian,A-Kovanova,B (2359) Istanbul 2008}) 13. exd4 {White is slightly
better.} Nxc3 14. bxc3 Nc7 15. Re1 Bd6 16. Bh3 Bxe5 17. Bxe5 Nb5 18. Qh5 Nd6 $1
19. Bf1 g6 20. Qh6 {[%csl Ge5][%cal Rh6g7] [#]} Nf5 21. Qd2 f6 22. Bf4 Qd7 23.
Bd3 Rfe8 24. Rxe8+ Rxe8 25. Re1 Rxe1+ 26. Qxe1 Kf7 27. Qe2 Ng7 28. Bh6 Nf5 29.
Bf4 Bc6 {Accuracy: White = 87%, Black = 89%.} 1/2-1/2

[Event "Marshall Chess Club IM 2020"]
[Site "New York"]
[Date "2020.02.27"]
[Round "2"]
[White "Nestorovic, Nikola"]
[Black "Yudasin, Leonid"]
[Result "1-0"]
[WhiteElo "2469"]
[BlackElo "2481"]
[Annotator "TA"]
[PlyCount "82"]
[EventDate "2020.02.27"]
[EventType "tourn"]
[EventCountry "USA"]
[SourceTitle "playchess.com"]
[Source "ChessBase"]
[SourceQuality "1"]

{[%evp 11,82,11,16,8,1,-9,3,7,6,14,49,48,45,37,62,51,70,0,84,83,104,85,110,92,
216,150,376,395,397,393,366,261,266,268,275,275,229,245,245,228,241,240,200,
-579,-545,-682,-689,-742,-698,-733,-721,-2316,-2298,-1799,-594,-5222,-171,-146,
-134,-131,-127,-127,-86,-75,-77,-86,-87,-79,-78,-98,-89,-98,-63]} 1. e4 c5 2.
Nf3 d6 3. d4 cxd4 4. Nxd4 Nf6 5. Nc3 a6 6. h3 e5 7. Nf3 {B90: Sicilian Najdorf:
Unusual White 6th moves, 6 Be3 Ng4 and 6 Be3 e5.} Be7 8. g4 O-O 9. g5 {The
position is equal.} Ne8 10. Be3 {[#]} Be6 $146 ({Predecessor:} 10... Nc7 11.
Qd2 Nd7 12. h4 b5 13. Bh3 b4 14. Ne2 a5 15. Ng3 Bb7 16. Bxd7 Qxd7 17. Nxe5 {
0-1 (62) Timofeev,A (2597)-Smirnov,A (2413) Samara 2014}) 11. Qd2 Nd7 12. O-O-O
$36 {[%mdl 2048] White fights for an advantage.} b5 13. Kb1 Nb6 14. Rg1 (14.
Nh4 $14) 14... g6 (14... Rb8 $11 {remains equal.}) 15. Nh2 $16 Rc8 16. Ng4 Qc7
17. f4 Ng7 (17... Bxg4 $16 18. Rxg4 (18. hxg4 exf4 19. Bxf4 f6 $11) 18... exf4
19. Bxf4 Qc6) 18. f5 {Black must now prevent f6.} gxf5 $2 (18... b4 $16) 19.
Nf6+ $18 Kh8 20. Qf2 Na4 21. Nxa4 bxa4 22. Bd3 $1 {Qh4! is the strong threat.}
({Less strong is} 22. Bxa6 fxe4 23. Bxc8 (23. Nxe4 a3 $17) 23... Rxc8 $11)
22... fxe4 23. Bxe4 Qc4 24. b3 axb3 25. axb3 Rb8 26. Rd3 Rfc8 27. Rg2 $4 {
[%mdl 8192]} (27. Bxh7 $18 {aiming for Be4.} Rb4 28. Be4) 27... Bxf6 $1 $19 28.
gxf6 Qxe4 29. fxg7+ Kg8 {Threatens to win with ...Bxb3!} 30. Kb2 a5 {[%cal
Ba6a5,Ba5a4][%mdl 32]} 31. Rxd6 a4 32. Rxe6 fxe6 (32... axb3 $142 33. Rb6 bxc2)
33. Rg4 {[#]} Qf5 $2 (33... Rxc2+ $1 {[%mdl 512]} 34. Qxc2 {[#]} a3+ $1 {
[%mdl 512]} 35. Kc1 Qxe3+ {[%mdl 64] Double Attack} 36. Kb1 Rxb3+ 37. Ka1 Qe1+
38. Ka2 Rb2+ 39. Qxb2 axb2 40. Kxb2 e4) 34. Rxa4 Qxf2 ({Much less strong is} 
34... Kxg7 35. Rg4+ Kh8 36. Rg5 $15) 35. Bxf2 Kxg7 {[%mdl 4096] Endgame KRR-KRB
} 36. Ra5 {Black is better.} Rb7 37. Rxe5 Rd7 38. b4 Rd2 39. Bc5 Kf6 40. Re3 e5
41. Kc3 Rf2 {[%mdl 32768] Accuracy: White = 65%, Black = 57%. . Loss on time!?}
1-0

[Event "Marshall Chess Club IM 2020"]
[Site "New York"]
[Date "2020.02.27"]
[Round "2"]
[White "Noboa Silva, Kevin"]
[Black "Sarkar, Justin"]
[Result "0-1"]
[WhiteElo "2329"]
[BlackElo "2373"]
[Annotator "TA"]
[PlyCount "58"]
[EventDate "2020.02.27"]
[EventType "tourn"]
[EventCountry "USA"]
[SourceTitle "playchess.com"]
[Source "ChessBase"]
[SourceQuality "1"]

{[%evp 14,58,0,0,0,0,0,0,0,-37,1,-24,-29,-285,-305,-304,-327,-306,-340,-394,
-410,-462,-471,-633,-620,-623,-515,-497,-487,-491,-488,-596,-577,-554,-558,
-746,-742,-1279,-1291,-1535,-1465,-1959,-1968,-1937,-1827,-1749,-1685]} 1. d4
Nf6 2. c4 e6 3. Nc3 Bb4 4. e3 O-O 5. Nge2 d5 6. a3 Be7 7. Ng3 c5 8. dxc5 dxc4 {
E46: Nimzo-Indian: Rubinstein: 4 e3 0-0 5 Ne2 without early Bd3.} 9. Qc2 Qa5
10. Bxc4 Qxc5 {[#] The position is equal.} 11. Qe2 $146 ({Predecessor:} 11. Bd3
Nbd7 12. O-O Ne5 13. Be2 b6 14. f4 Ng6 15. b4 Qc7 16. Bb2 Bb7 17. Rac1 {
0-1 (33) Bluvshtein,M (2590)-Andreikin,D (2689) Moscow 2011}) 11... b6 12. b4
Qc6 {Strongly threatening ...Bb7.} 13. O-O $2 {[%mdl 8192] [#]} (13. e4 $11)
13... Bb7 $1 $19 {[%csl Gb7][%cal Rc6g2]} 14. e4 Rc8 15. Bd3 Qxc3 16. Be3 {
and the idea Rfc1 leaves White hopeful.} Rd8 17. Rfd1 Nc6 {Black is clearly
winning.} 18. f4 Nd4 19. Bxd4 Qxd4+ 20. Kh1 Qc3 21. e5 Nd5 22. Ne4 {[#]} Qxa1
$1 {[%mdl 512]} 23. Rxa1 Nxf4 {[%mdl 64] Double Attack, Discovered Attack} 24.
Qg4 Nxd3 25. Rf1 Bxe4 26. h4 Rd4 27. h5 h6 28. Kh2 Rad8 29. Qg3 {[#]} Nxe5 $1 {
White got outplayed after the opening. Accuracy: White = 25%, Black = 93%.} 0-1

[Event "Marshall Chess Club IM 2020"]
[Site "New York"]
[Date "2020.02.27"]
[Round "2"]
[White "Bonin, Jay"]
[Black "Lund, Silas"]
[Result "0-1"]
[WhiteElo "2258"]
[BlackElo "2340"]
[Annotator "TA"]
[PlyCount "70"]
[EventDate "2020.02.27"]
[EventType "tourn"]
[EventCountry "USA"]
[SourceTitle "playchess.com"]
[Source "ChessBase"]
[SourceQuality "1"]

{[%evp 9,69,1,21,0,9,-2,0,-6,0,-4,0,-63,-41,-47,9,-17,-15,-21,-10,-67,-27,-64,
-72,-67,-7,-12,0,0,32,22,46,37,83,82,117,13,115,116,132,127,119,107,94,103,130,
100,109,110,111,-8,-8,-8,-8,-78,-73,-63,-50,-157,-60,-29973,-29974,-29999]} 1.
d4 d5 2. Nf3 Nf6 3. c4 c6 4. Qb3 e6 5. Nc3 a5 6. c5 {D43: Semi-Slav: 5 Bg5 h6.}
Nbd7 {[#]} 7. Bg5 $146 ({Predecessor:} 7. Bf4 b6 8. cxb6 Nxb6 9. e3 a4 10. Qc2
a3 11. Ne5 Bd7 12. Be2 axb2 13. Qxb2 {1/2-1/2 (64) Lundvik,J (2362)-Hillarp
Persson,T (2671) Sweden 2008}) 7... h6 8. Bh4 {The position is equal.} g5 9.
Bg3 Nh5 10. e4 (10. Be5 $11 f6 11. Bd6) 10... Nxg3 11. hxg3 {[%cal Re4d5]} Bg7
({Better is} 11... g4 $15 12. Nd2 Bg7) 12. Rd1 a4 13. Qc2 Qa5 14. e5 (14. exd5
$11 exd5 15. a3) 14... a3 15. bxa3 b6 16. cxb6 Nxb6 (16... Qxb6 $15 17. Rb1 Qa5
) 17. Nd2 $1 $11 Bf8 18. f4 gxf4 19. gxf4 Bxa3 20. Nb3 $36 {[%mdl 2048] White
has good play.} Qb4 {Hoping for ...Na4.} 21. Kf2 Nc4 22. Ne4 (22. Rh3 $1 $16)
22... dxe4 (22... Qa4 $11 {remains equal.}) 23. Bxc4 $16 Qa4 24. Be2 Ba6 25.
Qxe4 Bxe2 26. Qxe2 Bb4 27. Nc1 Ke7 28. Rh3 Rhd8 29. Kf1 ({But not} 29. Rxh6 $6
Bc3 $11) (29. Rb3 $16) 29... Bc5 $1 $11 30. Nb3 Bxd4 31. Rhd3 {[#]} (31. f5 $11
{keeps the balance.} exf5 32. e6 fxe6 33. Rxh6) 31... Bb6 $1 $17 {aiming for ..
.Rxd3.} 32. g3 Rd5 33. Rc1 {[#]} (33. R1d2 $15) 33... Qxa2 ({Black should play
} 33... Qb5 $1 $17 34. Rdc3 Rxa2 35. Qxb5 cxb5) 34. Rxc6 $2 {[%mdl 8192]} (34.
Rdc3 $15) 34... Rxd3 {[%mdl 64] Overworked Piece} 35. Qxd3 Qf2# {Accuracy:
White = 48%, Black = 64%.} 0-1

[Event "Marshall Chess Club IM 2020"]
[Site "New York"]
[Date "2020.02.27"]
[Round "2"]
[White "Hallaeva, Bahar"]
[Black "Cezila Jr, Rubens"]
[Result "1-0"]
[WhiteElo "2170"]
[BlackElo "2299"]
[Annotator "TA"]
[PlyCount "92"]
[EventDate "2020.02.27"]
[EventType "tourn"]
[EventCountry "USA"]
[SourceTitle "playchess.com"]
[Source "ChessBase"]
[SourceQuality "1"]

{[%evp 10,92,26,6,45,35,49,41,41,41,59,49,50,38,42,42,47,56,45,35,42,14,37,33,
48,37,33,39,77,79,78,72,72,71,72,71,73,65,71,67,59,66,126,54,293,293,274,146,
346,338,321,184,256,148,147,167,253,253,304,302,311,293,334,323,345,313,276,
304,508,488,537,518,1025,1026,989,968,921,854,894,870,29977,29978,29982,29983,
29983]} 1. e4 c6 2. d4 d5 3. exd5 cxd5 4. Bd3 Nc6 5. c3 Qc7 6. Ne2 Nf6 {
B13: Caro-Kann: Exchange Variation and Panov-Botvinnik Attack.} 7. Bf4 e5 8.
dxe5 Nh5 {White is slightly better.} 9. O-O Bg4 {[#]} 10. Qa4 $146 (10. Be3 {
seems wilder.} Qxe5 11. Qb3 Bd6 12. g3 Qe7 13. Nd4) ({Predecessor:} 10. f3 Bc5+
11. Kh1 Be6 12. Nd2 O-O 13. Nb3 Bb6 14. Bg3 Nxg3+ 15. Nxg3 Nxe5 16. f4 Nxd3 17.
Qxd3 {1/2-1/2 (33) Jeske,K (1987)-Jussupow,N (2173) Braunfels 2013}) 10... Bxe2
11. Bxe2 Nxf4 12. Qxf4 Qxe5 13. Qxe5+ Nxe5 14. Bb5+ Ke7 15. f4 Nc6 16. Nd2 Rd8
17. Nb3 Kf6 18. Rad1 Bd6 19. Rxd5 Bc7 20. Bxc6 bxc6 21. Rxd8 Rxd8 $16 {[%mdl
4096] Endgame KRB-KRN} 22. Kf2 Bb6+ 23. Ke2 Re8+ 24. Kd3 Re3+ 25. Kd2 Kf5 ({
Black should try} 25... Re4 $14) 26. c4 (26. a4 $16 {And now a5 would win.} a6
27. Na5) 26... Re4 $2 {[#]} (26... Ke4 $1 $14) 27. c5 $18 Bc7 28. g3 (28. Kd3
$18 {Black must now prevent g4+!} Ra4 29. Nd4+ Kg4 30. Nxc6) 28... h5 $2 {
Black cannot hold the game after this.} (28... Ra4 $16 29. Kd3 Ke6) 29. Kd3 Ra4
30. a3 (30. Nd4+ $142 Kf6 31. a3) 30... Kg4 (30... Ke6 $142 31. Nd2 Ra5) 31.
Nd2 (31. Nd4 $18) 31... Ra5 32. Ne4 Rb5 (32... h4 {was necessary.} 33. Rg1 g6
34. gxh4+ Kxh4) 33. b4 a5 34. Kc4 Rb8 35. Ng5 axb4 36. axb4 h4 37. Nxf7 hxg3
38. hxg3 Kxg3 $2 {[#]} (38... Rf8 {is a better defense.}) 39. f5 Kg4 40. Nd6
Kg5 (40... Rd8 $142 41. Rg1+ Kf4) 41. Rg1+ Kf6 42. Rg6+ Ke5 43. Re6+ Kf4 44.
Re7 Bxd6 45. cxd6 Kxf5 46. d7 Rd8 {Accuracy: White = 67%, Black = 45%.} 1-0